Kerigma y catequesis (Record no. 89198)

MARC details
000 -LEADER
campo de control de longitud fija 00864nam a2200229 i 4500
001 - NÚMERO DE CONTROL
campo de control 89198
003 - IDENTIFICADOR DE NÚMERO DE CONTROL
campo de control ES-MaACL
005 - FECHA Y HORA DE LA ÚLTIMA TRANSACCIÓN
campo de control 20250818235743.0
007 - CAMPO FIJO DE DESCRIPCIÓN FÍSICA--INFORMACIÓN GENERAL
campo de control de longitud fija t|
008 - DATOS DE LONGITUD FIJA--INFORMACIÓN GENERAL
campo de control de longitud fija 050105s1970 sp ||||1| spa d
100 1# - ENTRADA PRINCIPAL--NOMBRE DE PERSONA
Nombre de persona Langer, Wolfgang.
9 (RLIN) 70037
245 10 - MENCIÓN DEL TÍTULO
Título Kerigma y catequesis
Resto del título : renovación teológica y didáctica de la enseñanza bíblica /
Mención de responsabilidad, etc. Wolfgang Langer ; [versión por Pedro Rafael Velasco Beteta].
260 ## - PUBLICACIÓN, DISTRIBUCIÓN, ETC.
Lugar de publicación, distribución, etc. Estella (Navarra) :
Nombre del editor, distribuidor, etc. Verbo Divino,
Fecha de publicación, distribución, etc. [1970]
300 ## - DESCRIPCIÓN FÍSICA
Extensión 232 p. ;
Dimensiones 19 cm.
490 1# - MENCIÓN DE SERIE
Mención de serie Colección "Biblia y Kerygma". Temas de Pastoral Bíblica ;
Designación de volumen o secuencia 10
630 04 - PUNTO DE ACCESO ADICIONAL DE MATERIA--TÍTULO UNIFORME
Título uniforme Biblia
9 (RLIN) 119237
700 1# - ENTRADA AGREGADA--NOMBRE PERSONAL
Nombre de persona Velasco Beteta, Pedro Rafael.
9 (RLIN) 113747
830 0# - PUNTO DE ACCESO ADICIONAL DE SERIE-TÍTULO UNIFORME
Título uniforme Colección "Biblia y Kerygma". Temas de Pastoral Bíblica ;
Designación de volumen o secuencia 10
9 (RLIN) 183845
852 ## - LOCALIZACIÓN
Ubicación ES-MaACL
Número de control de estantería E-5943
Sublocalización o colección R.90249
852 ## - LOCALIZACIÓN
Ubicación ES-MaACL
Número de control de estantería P-565-Bis-10
Holdings
Estatus retirado Estado de pérdida Estado de daño No para préstamo Biblioteca de origen Biblioteca actual Ubicación en estantería Fecha de adquisición Fuente de adquisición Total de préstamos Signatura topográfica completa Código de barras Visto por última vez Precio de reemplazo Tipo de ítem Koha
        Biblioteca del Ateneo de Madrid Biblioteca del Ateneo de Madrid Depósito 2 18/03/2019     P-565-Bis-10 1200165 23/02/2023 23/02/2023 Libro impreso
        Biblioteca del Ateneo de Madrid Biblioteca del Ateneo de Madrid Depósito 2 17/01/2008     E-5943 1093157 23/02/2023 23/02/2023 Libro impreso